<?xml version="1.0" encoding="UTF-8"?>
<record
    xmlns:xsi="http://www.w3.org/2001/XMLSchema-instance"
    xsi:schemaLocation="http://www.loc.gov/MARC21/slim http://www.loc.gov/standards/marcxml/schema/MARC21slim.xsd"
    xmlns="http://www.loc.gov/MARC21/slim">

  <leader>03046cam a2200337 i 4500</leader>
  <controlfield tag="001">17942582</controlfield>
  <controlfield tag="003">OSt</controlfield>
  <controlfield tag="005">20150408114227.0</controlfield>
  <controlfield tag="008">131114s2014    flua     b    001 0 eng  </controlfield>
  <datafield tag="010" ind1=" " ind2=" ">
    <subfield code="a">  2013045328</subfield>
  </datafield>
  <datafield tag="020" ind1=" " ind2=" ">
    <subfield code="a">9781466591929 (hardback)</subfield>
  </datafield>
  <datafield tag="040" ind1=" " ind2=" ">
    <subfield code="a">DLC</subfield>
    <subfield code="b">eng</subfield>
    <subfield code="c">DLC</subfield>
    <subfield code="e">rda</subfield>
    <subfield code="d">DLC</subfield>
  </datafield>
  <datafield tag="042" ind1=" " ind2=" ">
    <subfield code="a">pcc</subfield>
  </datafield>
  <datafield tag="050" ind1="0" ind2="0">
    <subfield code="a">TK7872.C8</subfield>
    <subfield code="b">.N384 2014</subfield>
  </datafield>
  <datafield tag="082" ind1="0" ind2="0">
    <subfield code="a">621.313</subfield>
    <subfield code="2">23</subfield>
    <subfield code="b">NDS</subfield>
  </datafield>
  <datafield tag="084" ind1=" " ind2=" ">
    <subfield code="a">TEC008000</subfield>
    <subfield code="a">TEC031020</subfield>
    <subfield code="2">bisacsh</subfield>
  </datafield>
  <datafield tag="100" ind1="1" ind2=" ">
    <subfield code="a">Neacsu, Dorin O.</subfield>
  </datafield>
  <datafield tag="245" ind1="1" ind2="0">
    <subfield code="a">Switching power converters :</subfield>
    <subfield code="b">medium and high power /</subfield>
    <subfield code="c">Dorin O. Neacsu.</subfield>
  </datafield>
  <datafield tag="250" ind1=" " ind2=" ">
    <subfield code="a">Second edition.</subfield>
  </datafield>
  <datafield tag="300" ind1=" " ind2=" ">
    <subfield code="a">xxi, 567 pages :</subfield>
    <subfield code="b">illustrations ;</subfield>
    <subfield code="c">24 cm</subfield>
  </datafield>
  <datafield tag="504" ind1=" " ind2=" ">
    <subfield code="a">Includes bibliographical references and index.</subfield>
  </datafield>
  <datafield tag="520" ind1=" " ind2=" ">
    <subfield code="a">"Preface Power electronics represents a branch of electronics dedicated to the controlled conversion of electrical energy. This conversion includes adaptation of power to diverse applications such as voltage or current power sources, electrical drives, active filtering in power systems, distributed generation and smart grid, electrochemical processes, inductive heating, lighting and cooking control, distributed generation, and naval or automotive electronics. This very broad range of applications has stimulated research and development, and new control methods of power hardware are suggested each day. The medium- and high-power converter systems require multidisciplinary knowledge of basic power electronics, digital control and hardware, sensors, analog preprocessing of signals, thermal management, reliability, protection devices and fault management, or mathematical calculus. Because of this great number of technical solutions with many variations of the same concepts, it is somehow difficult for the practicing engineer or for a student to keep track of new developments or to find the most appropriate solution in the given time. It is therefore easier to develop a reasoning based on system-level understanding of the problem rather than aiming at an encyclopedia collection of solutions. This naturally moves the question from "how to do it?" to "what is better to do?" Therefore, a good engineer involved in industrial activities needs to also understand technology evolution, market timing, component availability and technology cycling, social requirements for environment and reliability, all along the classical now circuit design. Libraries and bookstores offer a great number of books on power electronics, mostly academic textbooks of a theoretical nature without getting"--</subfield>
  </datafield>
  <datafield tag="650" ind1=" " ind2="0">
    <subfield code="a">Electric current converters.</subfield>
  </datafield>
  <datafield tag="650" ind1=" " ind2="0">
    <subfield code="a">Switching power supplies.</subfield>
  </datafield>
  <datafield tag="650" ind1=" " ind2="7">
    <subfield code="a">TECHNOLOGY &amp; ENGINEERING / Electronics / General.</subfield>
    <subfield code="2">bisacsh</subfield>
  </datafield>
  <datafield tag="650" ind1=" " ind2="7">
    <subfield code="a">TECHNOLOGY &amp; ENGINEERING / Power Resources / Electrical.</subfield>
    <subfield code="2">bisacsh</subfield>
  </datafield>
  <datafield tag="856" ind1="4" ind2="2">
    <subfield code="3">Cover image</subfield>
    <subfield code="u">http://images.tandf.co.uk/common/jackets/websmall/978146659/9781466591929.jpg</subfield>
  </datafield>
  <datafield tag="906" ind1=" " ind2=" ">
    <subfield code="a">7</subfield>
    <subfield code="b">cbc</subfield>
    <subfield code="c">orignew</subfield>
    <subfield code="d">1</subfield>
    <subfield code="e">ecip</subfield>
    <subfield code="f">20</subfield>
    <subfield code="g">y-gencatlg</subfield>
  </datafield>
  <datafield tag="942" ind1=" " ind2=" ">
    <subfield code="2">ddc</subfield>
    <subfield code="c">BOOK</subfield>
  </datafield>
  <datafield tag="999" ind1=" " ind2=" ">
    <subfield code="c">36069</subfield>
    <subfield code="d">270569</subfield>
  </datafield>
  <datafield tag="952" ind1=" " ind2=" ">
    <subfield code="1">0</subfield>
    <subfield code="2">2014-10-22</subfield>
    <subfield code="4">0</subfield>
    <subfield code="7">0</subfield>
    <subfield code="a">621.313 NDS</subfield>
    <subfield code="d">2014-10-22</subfield>
    <subfield code="h">CL</subfield>
    <subfield code="i">00405202</subfield>
    <subfield code="m">CL</subfield>
    <subfield code="r">2014-10-22 00:00:00</subfield>
    <subfield code="t">BOOK</subfield>
    <subfield code="w">ddc</subfield>
    <subfield code="y">0</subfield>
  </datafield>
  <datafield tag="952" ind1=" " ind2=" ">
    <subfield code="1">0</subfield>
    <subfield code="2">2014-10-22</subfield>
    <subfield code="4">0</subfield>
    <subfield code="7">0</subfield>
    <subfield code="a">621.313 NDS</subfield>
    <subfield code="d">2014-10-22</subfield>
    <subfield code="h">CL</subfield>
    <subfield code="i">00405203</subfield>
    <subfield code="m">CL</subfield>
    <subfield code="r">2014-10-22 00:00:00</subfield>
    <subfield code="t">BOOK</subfield>
    <subfield code="w">ddc</subfield>
    <subfield code="y">0</subfield>
  </datafield>
  <datafield tag="952" ind1=" " ind2=" ">
    <subfield code="1">0</subfield>
    <subfield code="2">2014-10-22</subfield>
    <subfield code="4">0</subfield>
    <subfield code="7">0</subfield>
    <subfield code="a">621.313 NDS</subfield>
    <subfield code="d">2014-10-22</subfield>
    <subfield code="h">CL</subfield>
    <subfield code="i">00405204</subfield>
    <subfield code="m">CL</subfield>
    <subfield code="r">2014-10-22 00:00:00</subfield>
    <subfield code="t">BOOK</subfield>
    <subfield code="w">ddc</subfield>
    <subfield code="y">0</subfield>
  </datafield>
</record>
